[Event "K41 Efterars EMT Mesterklassen 2006"]
[Site "Valby"]
[Date "2006.09.12"]
[Round "1"]
[White "Andersen, Daniel"]
[Black "Roder, Peter Ulrik"]
[Result "1/2-1/2"]
[WhiteElo "1878"]
[BlackElo "2024"]
[PlyCount "128"]
[EventDate "2006.??.??"]

1. c4 f5 2. g3 Nf6 3. Bg2 e6 4. d4 Be7 5. Nf3 O-O 6. O-O d6 7. b3 Qe8 8. Nfd2
Nc6 9. Bb2 Qg6 10. d5 Ne5 11. dxe6 c6 12. Nf3 Neg4 13. Nd4 Ne4 14. Qd3 Nc5 15.
Qc2 Nxe6 16. Nd2 Bd7 17. N2f3 Nc5 18. b4 Ne4 19. h3 Nh6 20. e3 Rae8 21. Ne2 Nf7
22. Nfd4 Bg5 23. Nf4 Qh6 24. Nf3 Bd8 25. Nd2 Nf6 26. h4 Ne5 27. Rad1 Nfg4 28.
Rfe1 g5 29. hxg5 Qh2+ 30. Kf1 Bxg5 31. Qb3 Qh6 32. f3 Nf6 33. Nh3 Nh5 34. f4
Nxg3+ 35. Kg1 Bh4 36. fxe5 dxe5 37. Nf3 Re7 38. Bxe5 Ne4 39. Bf4 Qf6 40. Nxh4
Qxh4 41. Re2 Rg7 42. Kh2 Nf6 43. Qc3 Be8 44. Qe1 Ng4+ 45. Kh1 Qh5 46. Qf1 Bf7
47. Red2 Qh4 48. Qe1 Qxe1+ 49. Rxe1 Bxc4 50. Red1 h6 51. a3 Re8 52. Rd8 Rge7
53. Rxe8+ Rxe8 54. Rd7 Ba6 55. Kg1 Nxe3 56. Bf3 Nc2 57. Bd1 Re1+ 58. Kf2 Rf1+
59. Kg3 Nxa3 60. Bb3+ Bc4 61. Bxc4+ Nxc4 62. Rxb7 Rb1 63. Bb8 a5 64. Ra7 axb4
1/2-1/2

[Event "K41 Efterars EMT Mesterklassen 2006"]
[Site "Valby"]
[Date "2006.09.12"]
[Round "1"]
[White "Eriksson, Christian Altenburg"]
[Black "Jorgensen, Kasper Moller"]
[Result "1-0"]
[WhiteElo "2039"]
[BlackElo "1863"]
[PlyCount "103"]
[EventDate "2006.??.??"]

1. e4 e6 2. d4 d5 3. e5 c5 4. c3 Qb6 5. Nf3 Nc6 6. a3 a5 7. Bd3 Bd7 8. O-O Nh6
9. Qe2 Be7 10. Rd1 c4 11. Bc2 O-O-O 12. Nbd2 g5 13. b3 g4 14. Ne1 cxb3 15. Nxb3
Nf5 16. Rb1 Qa7 17. Bxf5 exf5 18. Nd3 Qa6 19. Qb2 b6 20. Nf4 Be6 21. Be3 Kc7
22. a4 h5 23. Nc1 Rb8 24. Ncd3 h4 25. c4 Qxc4 26. Rdc1 Qa6 27. Qb5 Qb7 28.
Rxc6+ Qxc6 29. Rc1 Qxc1+ 30. Nxc1 Rhd8 31. Ncd3 Bf8 32. Nxe6+ fxe6 33. Bg5 Re8
34. Bxh4 Rbc8 35. Bg5 Kb7 36. Nc5+ Bxc5 37. dxc5 Rc6 38. h4 Rec8 39. Be3 d4 40.
Bxd4 Rd8 41. Qb2 f4 42. g3 fxg3 43. fxg3 Ka8 44. cxb6 Kb7 45. Bf2 Rc4 46. Qb5
Rc1+ 47. Kg2 Rc2 48. Qxa5 Ra8 49. Qb5 Rd8 50. a5 Ra2 51. Qc4 Rdd2 52. a6+ 1-0

[Event "K41 Efterars EMT Mesterklassen 2006"]
[Site "Valby"]
[Date "2006.09.12"]
[Round "1"]
[White "Kragh, Niels Kristian"]
[Black "Jakobsen, Peter"]
[Result "1/2-1/2"]
[WhiteElo "2036"]
[BlackElo "2206"]
[PlyCount "122"]
[EventDate "2006.??.??"]

1. e4 e5 2. Nf3 Nc6 3. Bb5 a6 4. Ba4 Nf6 5. O-O Be7 6. Re1 b5 7. Bb3 d6 8. c3
O-O 9. h3 Na5 10. Bc2 c5 11. d4 Qc7 12. Nbd2 cxd4 13. cxd4 Bd7 14. d5 Rac8 15.
Bb1 Ne8 16. Nf1 g6 17. Bh6 Ng7 18. Bd3 Qb8 19. N3d2 f5 20. Ne3 f4 21. Nef1 Rf7
22. Qe2 Nh5 23. Rac1 Bf8 24. Bg5 h6 25. Bh4 Be7 26. Bxe7 Rxe7 27. b4 Nb7 28.
Nh2 Rf7 29. f3 Ng3 30. Qf2 Nd8 31. Nb3 Be8 32. Nf1 Nxf1 33. Kxf1 Rfc7 34. Qd2
Nf7 35. a3 Bd7 36. Na5 Qb6 37. Bb1 Ng5 38. Ba2 Kg7 39. Rc6 Bxc6 40. dxc6 Qd4
41. Qxd4 exd4 42. Rd1 Rxc6 43. Nxc6 Rxc6 44. Rxd4 Rc2 45. Bd5 Rc7 46. h4 Nh7
47. Be6 Rc6 48. Bd7 Rb6 49. Rd2 Nf8 50. Bc8 Rc6 51. Bb7 Rb6 52. Bd5 Kf6 53. Ke2
Ne6 54. Kd3 Ke5 55. Rc2 a5 56. Rc8 Kf6 57. Re8 Nc7 58. Rf8+ Ke5 59. Bb3 axb4
60. axb4 d5 61. exd5 Rd6 1/2-1/2

[Event "K41 Efterars EMT Mesterklassen 2006"]
[Site "Valby"]
[Date "2006.09.12"]
[Round "1"]
[White "Laursen, Niels Norskov"]
[Black "Nielsen, John Holm"]
[Result "1/2-1/2"]
[WhiteElo "2093"]
[BlackElo "1992"]
[PlyCount "81"]
[EventDate "2006.??.??"]

1. e4 e5 2. Nf3 Nc6 3. d4 exd4 4. Nxd4 Bc5 5. Be3 Nxd4 6. Bxd4 Bxd4 7. Qxd4 Qf6
8. Qxf6 Nxf6 9. Nc3 O-O 10. Nb5 Ne8 11. O-O-O d6 12. Be2 Bd7 13. Rhe1 a6 14.
Nc3 Nf6 15. Bc4 Rfe8 16. f3 Be6 17. Bxe6 Rxe6 18. Rd4 Rae8 19. Red1 Kf8 20. Rb4
b5 21. Rbd4 Re5 22. a4 Rb8 23. axb5 axb5 24. Nd5 Nxd5 25. Rxd5 f6 26. Kd2 Ke7
27. Kc3 Re6 28. Ra1 Rb7 29. Ra6 Kd7 30. Ra8 Re8 31. Rxe8 Kxe8 32. Rh5 h6 33.
Rd5 Ke7 34. h4 Ke6 35. h5 c6 36. Rd1 Ra7 37. Rh1 Rd7 38. Re1 Ra7 39. Rh1 Rd7
40. Re1 Ra7 41. Rh1 1/2-1/2

[Event "K41 Efterars EMT Mesterklassen 2006"]
[Site "Valby"]
[Date "2006.09.12"]
[Round "1"]
[White "Madsen, Poul Henrik"]
[Black "Gjedde, Thomas"]
[Result "1-0"]
[WhiteElo "2043"]
[BlackElo "1894"]
[PlyCount "77"]
[EventDate "2006.??.??"]

1. d4 d5 2. Nf3 Nf6 3. e3 e6 4. Bd3 Nbd7 5. O-O c5 6. b3 Bd6 7. Bb2 O-O 8. Nbd2
Qe7 9. Ne5 cxd4 10. exd4 Bxe5 11. dxe5 Ne8 12. a4 g6 13. Nf3 Ng7 14. Qd2 Ne8
15. a5 Rb8 16. Qh6 Nc5 17. Ba3 b6 18. axb6 axb6 19. Bb4 f5 20. exf6 Nxf6 21.
Ne5 Qg7 22. Qxg7+ Kxg7 23. Rfe1 Kg8 24. Bb5 Nfe4 25. f3 Nd6 26. Bc6 Nf5 27. Ra7
Nd4 28. Bc3 Nf5 29. b4 Nb7 30. Nd7 Bxd7 31. Bxd7 d4 32. Bxe6+ Kg7 33. Bb2 Rfd8
34. g4 Nh4 35. Kf2 Kf6 36. Bc4 Rd6 37. Re4 b5 38. Bxb5 Nd8 39. c4 1-0

[Event "K41 Efterars EMT Mesterklassen 2006"]
[Site "Valby"]
[Date "2006.09.12"]
[Round "1"]
[White "Ottosen, Peder"]
[Black "Nielsen, Michael"]
[Result "1-0"]
[WhiteElo "1965"]
[BlackElo "2046"]
[PlyCount "69"]
[EventDate "2006.??.??"]

1. d4 e6 2. c4 d5 3. Nc3 Nf6 4. cxd5 exd5 5. Bg5 Be7 6. e3 c6 7. Bd3 Nbd7 8.
Nge2 h6 9. Bh4 Ne4 10. Bxe7 Qxe7 11. Bxe4 dxe4 12. Ng3 O-O 13. Ngxe4 f5 14. Nd2
Nf6 15. O-O Be6 16. Qa4 Nd5 17. Nxd5 Bxd5 18. Rae1 Qg5 19. f3 Rae8 20. Qa3 Re6
21. Rf2 Rfe8 22. Rfe2 Rg6 23. Qd3 a5 24. e4 fxe4 25. fxe4 Bf7 26. Nf3 Qd8 27.
Qc3 Qb6 28. a3 Rge6 29. Nh4 Qb5 30. Nf5 Bg6 31. d5 Re5 32. Nd6 Qb6+ 33. Kh1
cxd5 34. Nxe8 d4 35. Qc7 1-0

[Event "K41 Efterars EMT Mesterklassen 2006"]
[Site "Valby"]
[Date "2006.09.19"]
[Round "2"]
[White "Eriksson, Christian Altenburg"]
[Black "Madsen, Poul Henrik"]
[Result "0-1"]
[WhiteElo "2039"]
[BlackElo "2043"]
[PlyCount "96"]
[EventDate "2006.??.??"]

1. e4 c6 2. d4 d5 3. e5 Bf5 4. Be3 e6 5. Nd2 Nd7 6. c3 Ne7 7. Ngf3 h6 8. Qb3
Qc7 9. Be2 a6 10. O-O Bg4 11. h3 Bh5 12. Rac1 f5 13. exf6 gxf6 14. Rfe1 O-O-O
15. c4 Rg8 16. cxd5 exd5 17. Rc3 Nf5 18. Rec1 Nb8 19. Kh1 Bd6 20. Qd1 Bf4 21.
Bxf4 Qxf4 22. Nb3 Nd6 23. Nc5 Ne4 24. Nxe4 dxe4 25. Nh2 Bxe2 26. Qxe2 Rxd4 27.
Ng4 f5 28. Ne3 Qg5 29. Rc5 Rf8 30. Qc2 Qg6 31. Nd5 Qd6 32. Qb3 Nd7 33. Ra5 f4
34. Nc3 e3 35. fxe3 fxe3 36. Rd5 Rxd5 37. Nxd5 e2 38. Ne3 Qd2 39. Qc3 Qxc3 40.
bxc3 Nc5 41. Re1 Ne4 42. c4 b5 43. Kh2 Nc3 44. Kg3 b4 45. c5 a5 46. Ra1 Nd1 47.
Nc2 Rf1 48. Kh4 Ne3 0-1

[Event "K41 Efterars EMT Mesterklassen 2006"]
[Site "Valby"]
[Date "2006.09.19"]
[Round "2"]
[White "Gjedde, Thomas"]
[Black "Jorgensen, Kasper Moller"]
[Result "1/2-1/2"]
[WhiteElo "1894"]
[BlackElo "1863"]
[PlyCount "94"]
[EventDate "2006.??.??"]

1. d4 d5 2. c4 e6 3. Nf3 Nf6 4. Nc3 c6 5. cxd5 exd5 6. Bg5 Nbd7 7. e3 Qa5 8.
Nd2 Bb4 9. Qc2 O-O 10. Bd3 c5 11. Nb3 Qb6 12. dxc5 Nxc5 13. Nxc5 Qxc5 14. Bxf6
gxf6 15. Bxh7+ Kg7 16. O-O Rh8 17. Bf5 d4 18. Bxc8 Qe5 19. Bh3 dxc3 20. bxc3
Bd6 21. f4 Qxe3+ 22. Kh1 Rae8 23. Qf5 Rh4 24. g3 Rh6 25. Qg4+ Kh8 26. Rae1 Qxe1
27. Rxe1 Rxe1+ 28. Kg2 Ra1 29. Qe2 Bc5 30. Bf5 Bg1 31. h3 Kg7 32. Qg4+ Kh8 33.
Qe2 Bc5 34. Qe8+ Kg7 35. Qe2 Rg1+ 36. Kf3 Rh8 37. h4 Ra1 38. a4 Rd8 39. a5 b6
40. axb6 Bxb6 41. h5 Ra3 42. Qc4 Rh8 43. Bc2 Ra5 44. Bb3 Rf8 45. Kg4 Rc5 46.
Qd3 Rh8 47. Bd5 Rc7 1/2-1/2

[Event "K41 Efterars EMT Mesterklassen 2006"]
[Site "Valby"]
[Date "2006.09.19"]
[Round "2"]
[White "Jakobsen, Peter"]
[Black "Ottosen, Peder"]
[Result "1-0"]
[WhiteElo "2206"]
[BlackElo "1965"]
[PlyCount "77"]
[EventDate "2006.??.??"]

1. c4 c6 2. g3 d5 3. Bg2 Nf6 4. Nf3 Bg4 5. Ne5 Bh5 6. cxd5 Nxd5 7. O-O e6 8. d4
Bd6 9. Nf3 O-O 10. e4 Ne7 11. Nc3 Nd7 12. Bg5 h6 13. Be3 e5 14. Qd2 exd4 15.
Bxd4 Qc7 16. Rac1 a6 17. Nh4 f5 18. Nd5 Nxd5 19. exd5 c5 20. b4 c4 21. Qc2 Ne5
22. Bxe5 Bxe5 23. Nxf5 Rae8 24. d6 Bxd6 25. Nxd6 Qxd6 26. Qxc4+ Kh8 27. Qc5 Qg6
28. Bxb7 Rf5 29. Qd4 Qf7 30. Bg2 Re2 31. Rc8+ Kh7 32. Be4 Rxe4 33. Qxe4 Bf3 34.
Qd3 Qe6 35. Re8 Qg6 36. Rfe1 h5 37. h4 Qg4 38. R8e5 g6 39. Qd7+ 1-0

[Event "K41 Efterars EMT Mesterklassen 2006"]
[Site "Valby"]
[Date "2006.09.19"]
[Round "2"]
[White "Nielsen, John Holm"]
[Black "Kragh, Niels Kristian"]
[Result "1/2-1/2"]
[WhiteElo "1992"]
[BlackElo "2036"]
[PlyCount "50"]
[EventDate "2006.??.??"]

1. Nc3 d5 2. e4 c6 3. g3 e5 4. Bg2 Nf6 5. d3 dxe4 6. Nxe4 Nxe4 7. Bxe4 Nd7 8.
Bd2 Bd6 9. Ne2 O-O 10. O-O Nf6 11. Bg2 Bg4 12. Qe1 Re8 13. Nc3 Bb4 14. Ne4 Bxd2
15. Nxf6+ Qxf6 16. Qxd2 Qd6 17. Rae1 Be6 18. Re3 Bd5 19. a3 Rad8 20. Rfe1 Re6
21. Bh3 Re7 22. Qe2 f6 23. Bf5 g6 24. Be4 Kg7 25. Bg2 Bxg2 1/2-1/2

[Event "K41 Efterars EMT Mesterklassen 2006"]
[Site "Valby"]
[Date "2006.09.19"]
[Round "2"]
[White "Nielsen, Michael"]
[Black "Andersen, Daniel"]
[Result "1-0"]
[WhiteElo "2046"]
[BlackElo "1878"]
[PlyCount "37"]
[EventDate "2006.??.??"]

1. d4 d5 2. Nf3 Nc6 3. Bf4 Bg4 4. e3 e6 5. c3 Bd6 6. Bg3 Bxg3 7. hxg3 Qd6 8.
Nbd2 O-O-O 9. Qa4 Kb8 10. Bd3 Nge7 11. Ne5 Nxe5 12. dxe5 Qb6 13. Qxg4 Qxb2 14.
Rb1 Qxc3 15. Qd4 Qa5 16. Qb2 b6 17. O-O c5 18. Nb3 Qb4 19. a3 1-0

[Event "K41 Efterars EMT Mesterklassen 2006"]
[Site "Valby"]
[Date "2006.09.19"]
[Round "2"]
[White "Roder, Peter Ulrik"]
[Black "Laursen, Niels Norskov"]
[Result "1/2-1/2"]
[WhiteElo "2024"]
[BlackElo "2093"]
[PlyCount "81"]
[EventDate "2006.??.??"]

1. d4 Nf6 2. c4 c5 3. d5 e6 4. Nc3 exd5 5. cxd5 d6 6. e4 g6 7. Nf3 a6 8. a4 Bg4
9. Qb3 Bxf3 10. gxf3 Nbd7 11. Qxb7 Bg7 12. Qb3 Nh5 13. Be3 Qf6 14. Be2 Rb8 15.
Qa3 Rxb2 16. Rc1 Rb8 17. Bxa6 O-O 18. Be2 Ne5 19. Nb5 Rfd8 20. Bd2 Nf4 21. Bxf4
Qxf4 22. Qe3 Qh4 23. f4 Bh6 24. Qg3 Qe7 25. O-O Nd7 26. Bf3 Qf6 27. Rb1 Bxf4
28. Qh3 Ra8 29. Ra1 Ra5 30. Ra3 Nb6 31. Bd1 Rda8 32. Rf3 Qg5+ 33. Qg2 Qxg2+ 34.
Kxg2 Be5 35. Na3 Bb2 36. Rb3 Bxa3 37. Rxb6 R5a6 38. Rb7 R6a7 39. Rb6 Ra6 40.
Rb7 R6a7 41. Rb6 1/2-1/2

[Event "K41 Efterars EMT Mesterklassen 2006"]
[Site "Valby"]
[Date "2006.09.26"]
[Round "3"]
[White "Andersen, Daniel"]
[Black "Gjedde, Thomas"]
[Result "1-0"]
[WhiteElo "1878"]
[BlackElo "1894"]
[PlyCount "75"]
[EventDate "2006.??.??"]

1. c4 e5 2. g3 Nf6 3. Bg2 d5 4. cxd5 Nxd5 5. Nf3 Nc6 6. d3 Be7 7. O-O O-O 8. a3
Be6 9. b4 a5 10. b5 Nd4 11. Nxd4 exd4 12. Bb2 Bc5 13. a4 Qd7 14. Nd2 Bb6 15.
Nc4 Rad8 16. Qd2 Bc5 17. Ba3 Bxa3 18. Nxa3 Bh3 19. Nc4 Bxg2 20. Kxg2 Rfe8 21.
Nxa5 Re6 22. h3 Rde8 23. Rfe1 Ne3+ 24. fxe3 Rxe3 25. Nc4 Qd5+ 26. Kh2 Qf5 27.
Nxe3 dxe3 28. Qb4 Qf2+ 29. Kh1 Qxg3 30. Qg4 Qe5 31. Rf1 Qd5+ 32. Qf3 Qd7 33.
Qf5 Re6 34. a5 g6 35. Qf3 Re5 36. a6 Rh5 37. Kh2 Qd6+ 38. Qg3 1-0

[Event "K41 Efterars EMT Mesterklassen 2006"]
[Site "Valby"]
[Date "2006.09.26"]
[Round "3"]
[White "Jorgensen, Kasper Moller"]
[Black "Nielsen, John Holm"]
[Result "1-0"]
[WhiteElo "1863"]
[BlackElo "1992"]
[PlyCount "65"]
[EventDate "2006.??.??"]

1. d4 d5 2. Bf4 Nf6 3. e3 Bg4 4. Nf3 e6 5. c4 c6 6. Qb3 Qb6 7. c5 Qxb3 8. axb3
Be7 9. Bxb8 Rxb8 10. Rxa7 Nd7 11. b4 Bf6 12. Nc3 O-O 13. b5 e5 14. Nxe5 Nxe5
15. dxe5 Bxe5 16. Ra4 Bf5 17. Kd2 Rfd8 18. Bd3 Be6 19. f4 d4 20. fxe5 dxc3+ 21.
Kxc3 Rd5 22. b4 Rxe5 23. bxc6 bxc6 24. e4 Rg5 25. Rha1 Rxg2 26. Ra8 Rf8 27.
R1a6 Bd7 28. R6a7 Be8 29. Re7 Bd7 30. Rxf8+ Kxf8 31. Rxd7 Rxh2 32. b5 cxb5 33.
c6 1-0

[Event "K41 Efterars EMT Mesterklassen 2006"]
[Site "Valby"]
[Date "2006.09.26"]
[Round "3"]
[White "Kragh, Niels Kristian"]
[Black "Nielsen, Michael"]
[Result "0-1"]
[WhiteElo "2036"]
[BlackElo "2046"]
[PlyCount "136"]
[EventDate "2006.??.??"]

1. d4 f5 2. c4 Nf6 3. Nc3 e6 4. Nf3 d5 5. g3 c6 6. Bg2 Bd6 7. O-O O-O 8. Bf4
Bxf4 9. gxf4 Bd7 10. e3 Be8 11. Ne5 Nbd7 12. Qd3 Nxe5 13. fxe5 Ne4 14. f3 Nxc3
15. Qxc3 Bh5 16. f4 Be2 17. Rf2 Bxc4 18. Bf3 Rc8 19. Kh1 b6 20. Rg1 Rf7 21.
Rfg2 c5 22. Qe1 cxd4 23. exd4 Bd3 24. Rg5 Be4 25. Bxe4 dxe4 26. Qg3 Rcc7 27. h4
Qxd4 28. h5 Qd3 29. Qh4 Qf3+ 30. R1g2 Qd1+ 31. Kh2 Rc2 32. Rxc2 Qxc2+ 33. Rg2
Qc7 34. h6 Qe7 35. Rg5 g6 36. Qg3 Qf8 37. Qh4 Rd7 38. Rg2 Qd8 39. Qxd8+ Rxd8
40. Rc2 e3 41. Kg3 g5 42. fxg5 Kf7 43. Kf3 Kg6 44. Kxe3 Kxg5 45. Rc6 Kxh6 46.
Rxe6+ Kg5 47. Re7 h5 48. Rg7+ Kh6 49. Rg2 h4 50. Kf4 h3 51. Rg3 Rd4+ 52. Kxf5
Rh4 53. Rg1 h2 54. Rh1 Kg7 55. Ke6 Kf8 56. a4 Ke8 57. b4 Rh6+ 58. Kd5 Ke7 59.
a5 Kd7 60. a6 Ke7 61. b5 Kd7 62. e6+ Ke7 63. Kc6 Kxe6 64. Re1+ Kf5+ 65. Kb7
Rh7+ 66. Kb8 Kf4 67. Rc1 Ke3 68. Rh1 Kd4 0-1

[Event "K41 Efterars EMT Mesterklassen 2006"]
[Site "Valby"]
[Date "2006.09.26"]
[Round "3"]
[White "Laursen, Niels Norskov"]
[Black "Eriksson, Christian Altenburg"]
[Result "1/2-1/2"]
[WhiteElo "2093"]
[BlackElo "2039"]
[PlyCount "93"]
[EventDate "2006.??.??"]

1. e4 c5 2. Nf3 Nc6 3. d4 cxd4 4. Nxd4 Nf6 5. Nc3 e5 6. Ndb5 d6 7. Bg5 a6 8.
Na3 b5 9. Nd5 Be7 10. Bxf6 Bxf6 11. c3 Bg5 12. Nc2 O-O 13. a4 bxa4 14. Rxa4 a5
15. Bb5 Ne7 16. Ncb4 Nxd5 17. Nxd5 Rb8 18. c4 f5 19. exf5 Bxf5 20. O-O Be6 21.
Ra3 Rb7 22. Nc3 Rf4 23. Nd5 Rf8 24. Qd3 Bf5 25. Qc3 Be4 26. Bc6 Ra7 27. Ne7+
Bxe7 28. Bxe4 Rf6 29. Qc2 g6 30. Bd5+ Kh8 31. Qd2 Qb6 32. Rfa1 Rf4 33. b4 Bg5
34. g3 Rf5 35. Qe1 e4 36. R1a2 e3 37. f4 Bf6 38. Kg2 Re7 39. Rxa5 Qd4 40. Qe2
Kg7 41. Bf3 Rxa5 42. bxa5 Qc5 43. a6 Bd4 44. h4 h6 45. Bb7 Qb4 46. Bd5 Qb3 47.
Kf3 1/2-1/2

[Event "K41 Efterars EMT Mesterklassen 2006"]
[Site "Valby"]
[Date "2006.09.26"]
[Round "3"]
[White "Madsen, Poul Henrik"]
[Black "Jakobsen, Peter"]
[Result "0-1"]
[WhiteElo "2043"]
[BlackElo "2206"]
[PlyCount "86"]
[EventDate "2006.??.??"]

1. d4 d5 2. Nf3 Nf6 3. e3 c5 4. c3 Qc7 5. Ne5 Nc6 6. f4 Bf5 7. Bb5 Nd7 8. O-O
e6 9. Nd2 Ndxe5 10. fxe5 Be7 11. e4 Bg6 12. exd5 exd5 13. Nf3 O-O 14. Bd3 Bxd3
15. Qxd3 cxd4 16. cxd4 f6 17. exf6 Bxf6 18. Bg5 Qb6 19. Bxf6 Rxf6 20. Rf2 Raf8
21. Raf1 h6 22. Re1 Nxd4 23. Ref1 Nxf3+ 24. gxf3 Rxf3 25. Qxd5+ Kh8 26. Qd2
Rxf2 27. Rxf2 Rxf2 28. Qxf2 Qxf2+ 29. Kxf2 g5 30. Ke3 Kg7 31. Ke4 Kf6 32. Kd5
h5 33. a4 a5 34. b4 axb4 35. Kc4 b3 36. Kxb3 g4 37. Kb4 h4 38. Kb5 g3 39. hxg3
hxg3 40. Kb6 g2 41. Kxb7 g1=Q 42. a5 Qg2+ 43. Ka7 Qf2+ 0-1

[Event "K41 Efterars EMT Mesterklassen 2006"]
[Site "Valby"]
[Date "2006.09.26"]
[Round "3"]
[White "Ottosen, Peder"]
[Black "Roder, Peter Ulrik"]
[Result "1-0"]
[WhiteElo "1965"]
[BlackElo "2024"]
[PlyCount "141"]
[EventDate "2006.??.??"]

1. d4 Nf6 2. f3 c5 3. d5 e6 4. e4 exd5 5. exd5 Qe7+ 6. Be2 d6 7. Nc3 a6 8. Bg5
h6 9. Bh4 b5 10. Qd3 Nbd7 11. O-O-O Ne5 12. Qd2 g5 13. f4 b4 14. fxe5 bxc3 15.
Qxc3 Qxe5 16. Qxe5+ dxe5 17. Bg3 Bd6 18. Bd3 O-O 19. Ne2 Nh5 20. Bf2 f5 21.
Rhf1 e4 22. Bc4 f4 23. Nc3 Nf6 24. Na4 Bg4 25. Rde1 e3 26. Bg1 Kg7 27. Nc3 Rfd8
28. h3 Bh5 29. Bh2 Be5 30. Bd3 Bxc3 31. bxc3 Nxd5 32. g3 Rab8 33. gxf4 Nxc3 34.
Rxe3 Rb1+ 35. Kd2 Rxf1 36. Kxc3 Rf2 37. Bg1 Rxf4 38. Bxa6 Rf3 39. Rxf3 Bxf3 40.
Bxc5 h5 41. Bd4+ Kf7 42. Bc4+ Bd5 43. Be2 Kg6 44. Bd3+ Kh6 45. Be3 h4 46. a4
Bf3 47. a5 Kh5 48. Bc4 Rd7 49. a6 g4 50. hxg4+ Kg6 51. Bd3+ Kg7 52. g5 h3 53.
Bf4 Bd5 54. Bf5 Rf7 55. Be5+ Kg8 56. Bxh3 Rf3+ 57. Kd4 Rxh3 58. Kxd5 Ra3 59. c4
Rxa6 60. c5 Kf7 61. c6 Ra5+ 62. Kd6 Kg6 63. c7 Ra8 64. Bf6 Rc8 65. Kd7 Rxc7+
66. Kxc7 Kf7 67. Kd6 Kg6 68. Ke6 Kh7 69. Kf5 Kg8 70. Kg6 Kf8 71. Kh7 1-0

[Event "K41 Efterars EMT Mesterklassen 2006"]
[Site "Valby"]
[Date "2006.10.03"]
[Round "4"]
[White "Eriksson, Christian Altenburg"]
[Black "Andersen, Daniel"]
[Result "0-1"]
[WhiteElo "2039"]
[BlackElo "1878"]
[PlyCount "114"]
[EventDate "2006.??.??"]

1. c4 Nf6 2. g3 c5 3. Bg2 d5 4. cxd5 Nxd5 5. Nc3 Nc7 6. d3 e5 7. Nf3 Nc6 8. O-O
Be7 9. Be3 Rb8 10. Rc1 Ne6 11. Ne4 b6 12. b4 Nxb4 13. Nxe5 Qc7 14. f4 O-O 15.
Bd2 Nd5 16. Nc3 Nxc3 17. Bxc3 Bb7 18. e4 Qd6 19. Qg4 Nd4 20. Nc4 Qd8 21. Ne3
Bc8 22. Qd1 Be6 23. Rf2 f6 24. f5 Bf7 25. Ng4 Qd6 26. Bd2 Qc7 27. e5 fxe5 28.
f6 Bxf6 29. Nxf6+ gxf6 30. Bh6 Be6 31. Bxf8 Rxf8 32. Qh5 Bf7 33. Qg4+ Bg6 34.
h4 Kh8 35. h5 Bxd3 36. Rd1 c4 37. h6 Rg8 38. Qh4 Rg6 39. g4 Ne2+ 40. Kh1 Nf4
41. Bf3 Qe7 42. Rh2 e4 43. Re1 Rg8 44. Qf2 Qe5 45. Qd2 c3 46. Qf2 Re8 47. Bd1
e3 48. Qg3 e2 49. Bb3 c2 50. Bxc2 Bxc2 51. Rf2 Be4+ 52. Kh2 Nd3 53. Qxe5 Rxe5
54. Rfxe2 Nxe1 55. Re3 Nd3 56. Kg3 Nc5 57. Re1 Kg8 0-1

[Event "K41 Efterars EMT Mesterklassen 2006"]
[Site "Valby"]
[Date "2006.10.03"]
[Round "4"]
[White "Jorgensen, Kasper Moller"]
[Black "Laursen, Niels Norskov"]
[Result "1-0"]
[WhiteElo "1863"]
[BlackElo "2093"]
[PlyCount "79"]
[EventDate "2006.??.??"]

1. d4 Nf6 2. Nf3 c5 3. d5 e6 4. Nc3 b5 5. dxe6 fxe6 6. Nxb5 Qa5+ 7. Nc3 d5 8.
e3 Nc6 9. Bb5 Bd7 10. O-O Be7 11. Bxc6 Bxc6 12. Ne2 Qc7 13. Nf4 Qd6 14. c4 O-O
15. Qe2 Rae8 16. Rd1 Ne4 17. Nd2 Nxd2 18. Bxd2 Bf6 19. Rab1 Be5 20. Qg4 Rf6 21.
g3 d4 22. b4 Bxf4 23. exf4 Rg6 24. Qh5 e5 25. b5 Be4 26. Rbc1 Bb7 27. f5 Rf8
28. fxg6 hxg6 29. Qh3 Bf3 30. Re1 Qf6 31. Bf4 e4 32. Qd7 Rf7 33. Qd5 Qe7 34.
Bg5 Qc7 35. Rxe4 Qc8 36. g4 Bxe4 37. Qxe4 Qf8 38. f4 Qc8 39. h3 Rf8 40. Re1 1-0

[Event "K41 Efterars EMT Mesterklassen 2006"]
[Site "Valby"]
[Date "2006.10.03"]
[Round "4"]
[White "Nielsen, John Holm"]
[Black "Gjedde, Thomas"]
[Result "1-0"]
[WhiteElo "1992"]
[BlackElo "1894"]
[PlyCount "43"]
[EventDate "2006.??.??"]

1. Nc3 d5 2. e4 d4 3. Nce2 e5 4. Ng3 Nc6 5. Nf3 Be6 6. Bb5 f6 7. O-O Qd6 8. c3
O-O-O 9. Bxc6 Qxc6 10. cxd4 exd4 11. d3 Qb5 12. Ne2 Bc5 13. Qc2 g5 14. Bd2 g4
15. Nh4 Ne7 16. Rfc1 Bb6 17. a4 Qh5 18. a5 Qxh4 19. axb6 c6 20. bxa7 Kc7 21.
Bf4+ Kd7 22. Qc5 1-0

[Event "K41 Efterars EMT Mesterklassen 2006"]
[Site "Valby"]
[Date "2006.10.03"]
[Round "4"]
[White "Ottosen, Peder"]
[Black "Madsen, Poul Henrik"]
[Result "0-1"]
[WhiteElo "1965"]
[BlackElo "2043"]
[PlyCount "49"]
[EventDate "2006.??.??"]

1. d4 d5 2. c4 c6 3. Nc3 Nf6 4. e3 e6 5. Nf3 Nbd7 6. Qc2 Bd6 7. g4 h6 8. Bd2 a6
9. c5 Bc7 10. Be2 e5 11. O-O-O e4 12. Ne1 Nf8 13. f3 exf3 14. Nxf3 Bxg4 15. e4
Ne6 16. e5 Bxf3 17. exf6 Bxh1 18. fxg7 Rg8 19. Rxh1 Qh4 20. Qh7 O-O-O 21. Rf1
Rxg7 22. Qf5 Kb8 23. Bd1 Nxd4 24. Qf6 Qxf6 25. Rxf6 0-1

[Event "K41 Efterars EMT Mesterklassen 2006"]
[Site "Valby"]
[Date "2006.10.03"]
[Round "4"]
[White "Roder, Peter Ulrik"]
[Black "Kragh, Niels Kristian"]
[Result "1/2-1/2"]
[WhiteElo "2024"]
[BlackElo "2036"]
[PlyCount "24"]
[EventDate "2006.??.??"]

1. d4 e6 2. Nf3 f5 3. Bg5 Be7 4. h4 Nf6 5. e3 O-O 6. Bd3 b6 7. Nbd2 Bb7 8. Bxf6
Bxf6 9. e4 c5 10. e5 Be7 11. c3 cxd4 12. cxd4 Na6 1/2-1/2

[Event "K41 Efterars EMT Mesterklassen 2006"]
[Site "Valby"]
[Date "2006.10.10"]
[Round "5"]
[White "Andersen, Daniel"]
[Black "Jakobsen, Peter"]
[Result "0-1"]
[WhiteElo "1878"]
[BlackElo "2206"]
[PlyCount "48"]
[EventDate "2006.??.??"]

1. c4 Nf6 2. Nc3 c5 3. Nf3 e6 4. g3 b6 5. Bg2 Bb7 6. O-O Be7 7. d4 cxd4 8. Qxd4
d6 9. e4 Nbd7 10. e5 dxe5 11. Nxe5 Bxg2 12. Kxg2 Nxe5 13. Qxe5 O-O 14. Rd1 Qc8
15. b3 Qc6+ 16. Kg1 Qf3 17. Qe3 Qh5 18. h4 Bc5 19. Qd3 Ng4 20. Ne4 Ne5 21. Qf1
Bd4 22. Ba3 Rfd8 23. Rac1 Qg4 24. Nd2 Qxg3+ 0-1

[Event "K41 Efterars EMT Mesterklassen 2006"]
[Site "Valby"]
[Date "2006.10.10"]
[Round "5"]
[White "Gjedde, Thomas"]
[Black "Roder, Peter Ulrik"]
[Result "1-0"]
[WhiteElo "1894"]
[BlackElo "2024"]
[PlyCount "109"]
[EventDate "2006.??.??"]

1. d4 Nf6 2. c4 g6 3. Nc3 d5 4. Nf3 Bg7 5. Bg5 c6 6. e3 O-O 7. Qb3 e6 8. Ne5
Nbd7 9. f4 Qa5 10. Bd3 h6 11. Bh4 dxc4 12. Nxc4 Qc7 13. Rc1 Nd5 14. O-O N7b6
15. Nxb6 Qxb6 16. Nxd5 exd5 17. Qc2 Re8 18. f5 g5 19. f6 Bh8 20. Bg3 Rxe3 21.
Bd6 Bxf6 22. Rxf6 Qxd4 23. Bh7+ Kh8 24. Rf2 Re8 25. Rd1 Qg7 26. Bf5 Bxf5 27.
Qxf5 Re6 28. Bc5 Kg8 29. Bd4 Qg6 30. Qxg6+ fxg6 31. Rdf1 Re4 32. Bc5 b6 33. Bf8
h5 34. Rf6 Rf4 35. R6xf4 gxf4 36. Bh6 Re8 37. Bxf4 Re2 38. Rf2 Re1+ 39. Rf1 Re2
40. Bc1 Rc2 41. h3 c5 42. Bf4 Rxb2 43. Rf2 Rb1+ 44. Rf1 Rxf1+ 45. Kxf1 Kf7 46.
Bb8 b5 47. Bxa7 c4 48. a3 Ke6 49. Ke2 Ke5 50. Ke3 g5 51. g3 g4 52. hxg4 hxg4
53. Bb8+ Kf5 54. Kd4 Ke6 55. Bf4 1-0

[Event "K41 Efterars EMT Mesterklassen 2006"]
[Site "Valby"]
[Date "2006.10.10"]
[Round "5"]
[White "Kragh, Niels Kristian"]
[Black "Eriksson, Christian Altenburg"]
[Result "1-0"]
[WhiteElo "2036"]
[BlackElo "2039"]
[PlyCount "99"]
[EventDate "2006.??.??"]

1. e4 c5 2. Nf3 Nc6 3. Nc3 e5 4. Bc4 Be7 5. d3 Nf6 6. Nd2 d6 7. Nf1 Bg4 8. f3
Be6 9. Ne3 a6 10. a3 Nh5 11. O-O Bg5 12. Ned5 Bxc1 13. Rxc1 b5 14. Ba2 O-O 15.
f4 Nxf4 16. Nxf4 exf4 17. Bd5 Rc8 18. Bxc6 Rxc6 19. Rxf4 Qg5 20. Qf3 Rb6 21.
Nd1 d5 22. Nf2 Bc8 23. Re1 Bb7 24. exd5 Bxd5 25. Rf5 Qd2 26. Qe3 Qxe3 27. Rxe3
Rd6 28. Ne4 Bxe4 29. Rxe4 Rc6 30. Re7 g6 31. Rd5 b4 32. a4 c4 33. d4 c3 34. b3
Re6 35. Rxe6 fxe6 36. Rd6 Rf4 37. Rxa6 Rxd4 38. Rb6 Rd1+ 39. Kf2 Rd2+ 40. Ke3
Rxc2 41. Rxb4 Rxg2 42. Kd3 c2 43. Rc4 Rxh2 44. Rxc2 Rh5 45. b4 Rd5+ 46. Kc4 Kf7
47. a5 Rd1 48. Kb5 Ke7 49. a6 Rd8 50. a7 1-0